Statistiques concernant Les 20 préfectures départementales les plus proches de Nantes à vol d'oiseau

Cliquez ici pour prendre le quiz!

Statistiques générales

  • Ce quiz a été pris 110 fois
  • Le résultat moyen est 17 sur 20

Statistiques - réponses

Distance (km) Préfecture % Correct
100Rennes (Ille-et-Vilaine)
98%
158Le Mans (Sarthe)
96%
161Poitiers (Vienne)
94%
170Tours (Indre-et-Loire)
94%
122La Rochelle (Charente-Maritime)
94%
80Angers (Maine-et-Loire)
93%
112Laval (Mayenne)
92%
62La Roche-sur-Yon (Vendée)
92%
103Vannes (Morbihan)
90%
210Quimper (Finistère)
89%
236Caen (Calvados)
89%
265Limoges (Haute-Vienne)
87%
170Saint-Brieuc (Côtes-d'Armor)
86%
130Niort (Deux-Sèvres)
81%
219Angoulême (Charente)
81%
214Saint-Lô (Manche)
76%
223Blois (Loir-et-Cher)
74%
265Chartres (Eure-et-Loir)
74%
183Alençon (Orne)
73%
250Châteauroux (Indre)
73%

Distribution des résultats

Percentile by Number Answered

% des personnes avec chaque résultat

Votre développement - résultats

Vous n’avez pas pris ce quiz